[Event "XtraCon-Skakligaen"]
[Site "Denmark"]
[Date "2008.12.07"]
[Round "3.6"]
[White "Jacobsen, Bo"]
[Black "Hansen, Lars"]
[Result "1-0"]
[WhiteElo "2315"]
[BlackElo "2212"]
[PlyCount "61"]
[EventDate "2008.11.01"]
[EventType "team-tourn"]
[EventRounds "9"]
[EventCountry "DEN"]
[WhiteTeam "Aarhus/Skolerne"]
[BlackTeam "SK1968"]
[WhiteTeamCountry "DEN"]
[BlackTeamCountry "DEN"]

1. g3 g6 2. Bg2 Bg7 3. e4 d6 4. Nc3 e5 5. d3 Nc6 6. Be3 f5 7. Qd2 Nf6 8. Bh6
Bxh6 9. Qxh6 Nd4 10. O-O-O c6 11. exf5 Nxf5 12. Qd2 O-O 13. Nf3 Qa5 14. Rhe1
Nd4 15. a3 Nxf3 16. Bxf3 Bg4 17. Be2 Bxe2 18. Rxe2 b5 19. d4 b4 20. axb4 Qxb4
21. dxe5 Rab8 22. b3 dxe5 23. Kb2 a5 24. Qd6 Qg4 25. Rxe5 a4 26. Rd4 Qf3 27.
Rf4 a3+ 28. Qxa3 Qh1 29. Qd6 Ra8 30. Qe6+ Kh8 31. Re1 1-0

[Event "XtraCon-Skakligaen"]
[Site "Denmark"]
[Date "2008.12.07"]
[Round "3.8"]
[White "Hagen, Andreas Skytte"]
[Black "Alkaersig, Ole"]
[Result "1-0"]
[WhiteElo "2282"]
[BlackElo "2186"]
[PlyCount "57"]
[EventDate "2008.11.01"]
[EventType "team-tourn"]
[EventRounds "9"]
[EventCountry "DEN"]
[WhiteTeam "Aarhus/Skolerne"]
[BlackTeam "SK1968"]
[WhiteTeamCountry "DEN"]
[BlackTeamCountry "DEN"]

1. Nf3 e6 2. g3 Nf6 3. c4 d5 4. d4 Be7 5. Bg2 O-O 6. O-O dxc4 7. Qc2 Nc6 8.
Qxc4 Qd5 9. Qd3 Qh5 10. Nc3 a6 11. Bf4 Bd6 12. Bg5 h6 13. Bxf6 gxf6 14. Rac1
Bd7 15. Ne4 Kg7 16. Nc5 Bxc5 17. Rxc5 Qg6 18. Qe3 Rac8 19. Qf4 f5 20. Rfc1 f6
21. b4 Qf7 22. Qd2 Qe7 23. a4 Qd6 24. d5 Ne5 25. Nxe5 fxe5 26. Qc3 exd5 27.
Rxd5 Qe7 28. Rxe5 Qf6 29. Bxb7 1-0

[Event "XtraCon-Skakligaen"]
[Site "Denmark"]
[Date "2009.01.10"]
[Round "4.1"]
[White "Nielsen, Peter Heine"]
[Black "Rasmussen, Allan Stig"]
[Result "1/2-1/2"]
[WhiteElo "2662"]
[BlackElo "2501"]
[PlyCount "114"]
[EventDate "2008.11.01"]
[EventType "team-tourn"]
[EventRounds "9"]
[EventCountry "DEN"]
[WhiteTeam "Helsinge"]
[BlackTeam "Jetsmark"]
[WhiteTeamCountry "DEN"]
[BlackTeamCountry "DEN"]

1. d4 d5 2. c4 c6 3. Nf3 Nf6 4. Nc3 e6 5. Bg5 h6 6. Bxf6 Qxf6 7. e3 Nd7 8. Bd3
dxc4 9. Bxc4 g6 10. O-O Bg7 11. Qc2 O-O 12. Bb3 Rd8 13. Rad1 Qe7 14. Ne4 Nb6
15. Ne5 Bd7 16. Nc5 Be8 17. e4 Nc8 18. Nf3 b6 19. Na4 c5 20. dxc5 Rxd1 21. Rxd1
b5 22. Nc3 Qxc5 23. Qe2 b4 24. Nb1 Nb6 25. e5 a5 26. a3 bxa3 27. Nxa3 Rb8 28.
Bc2 Nd5 29. Be4 Ba4 30. Ra1 Rb4 31. Bxd5 Qxd5 32. Nc2 Bxc2 33. Qxc2 Bxe5 34.
Rd1 Bd4 35. h3 Kg7 36. Nxd4 Rxd4 37. Rxd4 Qxd4 38. b3 h5 39. h4 e5 40. g3 e4
41. Qc1 Kh7 42. Qe1 Qd5 43. Kh2 Kg7 44. b4 axb4 45. Qxb4 Qe5 46. Qd2 Qf6 47.
Kg1 Qe7 48. Qd4+ f6 49. Kh2 Kh7 50. Qb6 Kg7 51. Qd4 Qe6 52. Kg1 Qe5 53. Qd7+
Kh6 54. Qd8 g5 55. Qh8+ Kg6 56. Qg8+ Kf5 57. hxg5 fxg5 1/2-1/2

[Event "XtraCon-Skakligaen"]
[Site "Denmark"]
[Date "2009.01.10"]
[Round "4.2"]
[White "Pedersen, Christian Kyndel"]
[Black "Berg, Emanuel"]
[Result "0-1"]
[WhiteElo "2426"]
[BlackElo "2623"]
[PlyCount "116"]
[EventDate "2008.11.01"]
[EventType "team-tourn"]
[EventRounds "9"]
[EventCountry "DEN"]
[WhiteTeam "Jetsmark"]
[BlackTeam "Helsinge"]
[WhiteTeamCountry "DEN"]
[BlackTeamCountry "DEN"]

1. e4 e6 2. d4 d5 3. Nc3 Bb4 4. e5 c5 5. a3 Bxc3+ 6. bxc3 Ne7 7. Qg4 cxd4 8.
Qxg7 Rg8 9. Qxh7 Qc7 10. Ne2 Nbc6 11. f4 Bd7 12. Qd3 dxc3 13. Nxc3 a6 14. Ne2
Nf5 15. h3 Na5 16. g4 Bb5 17. Qc3 Qxc3+ 18. Nxc3 Bxf1 19. Rxf1 Nd4 20. Ra2 Rh8
21. Rh1 Rc8 22. Ne2 Rxc2 23. Rxc2 Nxc2+ 24. Kd1 Na1 25. h4 N1b3 26. Be3 Nc4 27.
Bf2 Kf8 28. h5 Kg7 29. Rh3 Nbd2 30. Bh4 Ne4 31. Nc3 Rc8 32. Nxe4 dxe4 33. Bf6+
Kh7 34. Rb3 Rc7 35. Ke1 Rd7 36. g5 e3 37. a4 b6 38. Rc3 b5 39. axb5 axb5 40.
Rb3 Rd5 41. Rb1 Rd2 42. f5 Na3 43. g6+ fxg6 44. hxg6+ Kh6 45. Rc1 exf5 46. g7
Kh7 47. g8=Q+ Kxg8 48. Rc8+ Kf7 49. Rc7+ Kg6 50. Bh4 Nc2+ 51. Kf1 e2+ 52. Kg1
e1=Q+ 53. Bxe1 Nxe1 54. e6 Re2 55. e7 Kf6 56. Rc6+ Kxe7 57. Rc5 Nf3+ 58. Kf1
Re5 0-1

[Event "XtraCon-Skakligaen"]
[Site "Denmark"]
[Date "2009.01.10"]
[Round "4.3"]
[White "Cmilyte, Viktorija"]
[Black "Christensen, Stefan"]
[Result "0-1"]
[WhiteElo "2512"]
[BlackElo "2319"]
[PlyCount "90"]
[EventDate "2008.11.01"]
[EventType "team-tourn"]
[EventRounds "9"]
[EventCountry "DEN"]
[WhiteTeam "Helsinge"]
[BlackTeam "Jetsmark"]
[WhiteTeamCountry "DEN"]
[BlackTeamCountry "DEN"]

1. d4 Nf6 2. c4 g6 3. g3 d5 4. cxd5 Nxd5 5. Bg2 Bg7 6. e4 Nb6 7. Ne2 e5 8. d5
c6 9. Nbc3 cxd5 10. exd5 O-O 11. O-O Na6 12. b3 Re8 13. Ba3 Bg4 14. Rc1 e4 15.
d6 Rc8 16. Qd2 Nc5 17. Bxc5 Rxc5 18. Nxe4 Rd5 19. Qc2 f5 20. Nf4 fxe4 21. Nxd5
Nxd5 22. Bxe4 Nc3 23. Rfe1 Rxe4 24. Rxe4 Bf5 25. Rce1 Nxe4 26. Rxe4 Bxe4 27.
Qxe4 Qxd6 28. Qxb7 Bd4 29. Kg2 Bb6 30. Qc8+ Kg7 31. Qb7+ Qc7 32. Qe4 Qf7 33. f4
Qd7 34. a4 Qd2+ 35. Kh3 Qe3 36. Qb7+ Kh6 37. Qd5 Qe2 38. Qg5+ Kg7 39. a5 Bg1
40. b4 Qxh2+ 41. Kg4 Qe2+ 42. Kh4 Qh2+ 43. Kg4 h5+ 44. Kf3 Qf2+ 45. Ke4 Qd4+
0-1

[Event "XtraCon-Skakligaen"]
[Site "Denmark"]
[Date "2009.01.10"]
[Round "4.4"]
[White "Bkgaard, Martin"]
[Black "Glud, Jakob Vang"]
[Result "1/2-1/2"]
[WhiteElo "2272"]
[BlackElo "2444"]
[PlyCount "26"]
[EventDate "2008.11.01"]
[EventType "team-tourn"]
[EventRounds "9"]
[EventCountry "DEN"]
[WhiteTeam "Jetsmark"]
[BlackTeam "Helsinge"]
[WhiteTeamCountry "DEN"]
[BlackTeamCountry "DEN"]

1. d4 d5 2. c4 c6 3. Nf3 Nf6 4. Nc3 a6 5. h3 g6 6. cxd5 cxd5 7. Bf4 Bg7 8. e3
O-O 9. Bd3 Nc6 10. O-O Bf5 11. Bxf5 gxf5 12. Ne5 Rc8 13. Rc1 Nxe5 1/2-1/2

[Event "XtraCon-Skakligaen"]
[Site "Denmark"]
[Date "2009.01.10"]
[Round "4.5"]
[White "Hutters, Tomas"]
[Black "Helledie, Anders"]
[Result "1-0"]
[WhiteElo "2413"]
[BlackElo "2215"]
[PlyCount "51"]
[EventDate "2008.11.01"]
[EventType "team-tourn"]
[EventRounds "9"]
[EventCountry "DEN"]
[WhiteTeam "Helsinge"]
[BlackTeam "Jetsmark"]
[WhiteTeamCountry "DEN"]
[BlackTeamCountry "DEN"]

1. d4 Nf6 2. c4 g6 3. Nc3 Bg7 4. e4 d6 5. Nf3 O-O 6. h3 Qe8 7. Be3 Na6 8. g3 c5
9. Bg2 h6 10. O-O Rb8 11. Re1 Nd7 12. Qd2 Kh7 13. Nb5 Ra8 14. Rad1 cxd4 15.
Bxd4 Bxd4 16. Qxd4 Ndc5 17. e5 Ne6 18. Qe3 dxe5 19. Nxe5 Nb4 20. Ng4 h5 21. Nd6
Qa4 22. b3 Qa6 23. Qh6+ Kg8 24. Ne5 exd6 25. Nxg6 f5 26. Nxf8 1-0

[Event "XtraCon-Skakligaen"]
[Site "Denmark"]
[Date "2009.01.10"]
[Round "4.6"]
[White "Jensen, Bjarke"]
[Black "Bekker Jensen, Simon"]
[Result "0-1"]
[WhiteElo "2225"]
[BlackElo "2410"]
[PlyCount "106"]
[EventDate "2008.11.01"]
[EventType "team-tourn"]
[EventRounds "9"]
[EventCountry "DEN"]
[WhiteTeam "Jetsmark"]
[BlackTeam "Helsinge"]
[WhiteTeamCountry "DEN"]
[BlackTeamCountry "DEN"]

1. d4 Nf6 2. g3 g6 3. Bg2 d5 4. c4 c6 5. Nc3 Bg7 6. Bg5 Ne4 7. Nxe4 dxe4 8.
Bxe4 Qxd4 9. Qxd4 Bxd4 10. Rb1 f6 11. Bd2 a5 12. f4 Be6 13. Bd3 Nd7 14. b3 O-O
15. h4 Nc5 16. Nf3 Nxd3+ 17. exd3 Rfd8 18. Ke2 Bg4 19. Rhf1 e5 20. fxe5 fxe5
21. Bh6 Rd7 22. Kd2 e4 23. Nxd4 Rxd4 24. Ke3 Rxd3+ 25. Kxe4 Rad8 26. Kf4 Bf5
27. Rbe1 R8d4+ 28. Ke5 c5 29. Bf4 Kf7 30. g4 Rd8 31. Bg5 Re8+ 32. Kf4 Rd4+ 33.
Kf3 Rxe1 34. Rxe1 Bxg4+ 35. Kf2 Be6 36. h5 gxh5 37. Be3 Rh4 38. Bxc5 Rh2+ 39.
Kg3 Rxa2 40. Rf1+ Kg6 41. Re1 Bd7 42. Kf4 Rg2 43. Bd6 h4 44. Re7 h3 45. Ke3 Bf5
46. Be5 Bg4 47. Rxb7 Re2+ 48. Kf4 Rxe5 49. Kxg4 h2 50. Rb6+ Kg7 51. Rb7+ Kg8
52. Rb8+ Kf7 53. Rb7+ Re7 0-1

[Event "XtraCon-Skakligaen"]
[Site "Denmark"]
[Date "2009.01.10"]
[Round "4.7"]
[White "Fries Nielsen, Niels Jorgen"]
[Black "Rathlev, Jakob"]
[Result "1/2-1/2"]
[WhiteElo "2393"]
[BlackElo "2172"]
[PlyCount "30"]
[EventDate "2008.11.01"]
[EventType "team-tourn"]
[EventRounds "9"]
[EventCountry "DEN"]
[WhiteTeam "Helsinge"]
[BlackTeam "Jetsmark"]
[WhiteTeamCountry "DEN"]
[BlackTeamCountry "DEN"]

1. Nf3 c5 2. b3 b6 3. g3 Bb7 4. Bg2 Nf6 5. Bb2 e6 6. O-O Be7 7. c4 O-O 8. d3 d5
9. Nbd2 Nc6 10. Ne5 Nxe5 11. Bxe5 Nd7 12. Bb2 Bf6 13. Qc2 Bxb2 14. Qxb2 Nf6 15.
Rac1 Qe7 1/2-1/2

[Event "XtraCon-Skakligaen"]
[Site "Denmark"]
[Date "2009.01.10"]
[Round "4.8"]
[White "Nielsen, Jan"]
[Black "Bekker Jensen, David"]
[Result "1/2-1/2"]
[WhiteElo "2075"]
[BlackElo "2310"]
[PlyCount "79"]
[EventDate "2008.11.01"]
[EventType "team-tourn"]
[EventRounds "9"]
[EventCountry "DEN"]
[WhiteTeam "Jetsmark"]
[BlackTeam "Helsinge"]
[WhiteTeamCountry "DEN"]
[BlackTeamCountry "DEN"]

1. e4 c5 2. Nc3 Nc6 3. d3 g6 4. Be3 d6 5. Qd2 Bg7 6. g3 Qa5 7. Bg2 Nd4 8. f4 b5
9. Nf3 b4 10. Nd1 Qa4 11. Bxd4 cxd4 12. e5 Bd7 13. exd6 Rc8 14. b3 Qa3 15. O-O
exd6 16. Re1+ Kf8 17. Ng5 Ne7 18. Nf2 h6 19. Nf3 Nf5 20. Nd1 Kg8 21. Qc1 Ne3
22. Re2 Kh7 23. h3 Rhe8 24. g4 Nxg2 25. Rxg2 Bc6 26. Rf2 Qa6 27. Nb2 Re3 28.
Nh2 Rxh3 29. Nc4 Bb7 30. Nd2 Re3 31. Nhf3 Rce8 32. Qf1 Qc6 33. Rc1 a6 34. f5
gxf5 35. gxf5 Qc7 36. Qh3 Bf6 37. Rh2 Bg7 38. Kf2 Rg8 39. Rch1 Bxf3 40. Nxf3
1/2-1/2

[Event "XtraCon-Skakligaen"]
[Site "Denmark"]
[Date "2009.01.10"]
[Round "4.1"]
[White "Lund, Silas"]
[Black "Rasmussen, Karsten"]
[Result "0-1"]
[WhiteElo "2425"]
[BlackElo "2466"]
[PlyCount "130"]
[EventDate "2008.11.01"]
[EventType "team-tourn"]
[EventRounds "9"]
[EventCountry "DEN"]
[WhiteTeam "K41"]
[BlackTeam "Aarhus/Skolerne"]
[WhiteTeamCountry "DEN"]
[BlackTeamCountry "DEN"]

1. d4 d5 2. c4 c6 3. Nf3 Nf6 4. e3 Bg4 5. h3 Bxf3 6. Qxf3 e6 7. Bd3 Bb4+ 8. Nd2
dxc4 9. Bxc4 Nbd7 10. a3 Bd6 11. Ne4 Nxe4 12. Qxe4 O-O 13. O-O e5 14. Rd1 Nf6
15. Qc2 e4 16. b4 Rc8 17. Bd2 Bb8 18. Bf1 h5 19. h4 Ng4 20. g3 Nxf2 21. Kxf2
Qf6+ 22. Kg1 Bxg3 23. Be1 Qxh4 24. Bg2 Qh2+ 25. Kf1 Bxe1 26. Bxe4 Qxc2 27. Bxc2
Bg3 28. Kg2 h4 29. e4 g6 30. Rf1 Kg7 31. Rad1 f6 32. Kh3 Rcd8 33. Kg4 Rd7 34.
Rf3 Rd6 35. Rfd3 f5+ 36. exf5 gxf5+ 37. Kf3 f4 38. d5 cxd5 39. Rxd5 Rxd5 40.
Rxd5 h3 41. Rg5+ Kf6 42. Rf5+ Ke7 43. Rxf8 Kxf8 44. Be4 b6 45. a4 Ke7 46. a5 b5
47. Bc6 a6 48. Bb7 Kd6 49. Bxa6 Kc6 50. Bc8 h2 51. Kg2 f3+ 52. Kh1 f2 53. Bh3
Kb7 54. Bf1 Ka6 55. Bd3 Bd6 56. Kg2 Bxb4 57. Kxh2 Kxa5 58. Kg2 Bc5 59. Kf1 b4
60. Ke2 b3 61. Kd2 Kb4 62. Be2 Bd6 63. Bd3 Bf4+ 64. Ke2 Kc3 65. Bf5 Be3 0-1

[Event "XtraCon-Skakligaen"]
[Site "Denmark"]
[Date "2009.01.10"]
[Round "4.2"]
[White "Sorensen, Jan"]
[Black "Semcesen, Daniel"]
[Result "1/2-1/2"]
[WhiteElo "2439"]
[BlackElo "2402"]
[PlyCount "57"]
[EventDate "2008.11.01"]
[EventType "team-tourn"]
[EventRounds "9"]
[EventCountry "DEN"]
[WhiteTeam "Aarhus/Skolerne"]
[BlackTeam "K41"]
[WhiteTeamCountry "DEN"]
[BlackTeamCountry "DEN"]

1. e4 e5 2. Nc3 Nf6 3. Nf3 Nc6 4. Bb5 Bb4 5. O-O O-O 6. d3 d6 7. Ne2 Ne7 8. c3
Ba5 9. Ng3 c6 10. Ba4 Ng6 11. d4 Re8 12. Bc2 h6 13. h3 Bc7 14. Re1 Be6 15. Be3
Qe7 16. Nf5 Bxf5 17. exf5 Nf8 18. dxe5 dxe5 19. Nd2 Rad8 20. Qe2 N8d7 21. Ne4
Nxe4 22. Bxe4 a6 23. Rad1 Nf6 24. Qc4 Rxd1 25. Rxd1 Nxe4 26. Qxe4 Rd8 27. Rxd8+
Qxd8 28. c4 Qd6 29. Qc2 1/2-1/2

[Event "XtraCon-Skakligaen"]
[Site "Denmark"]
[Date "2009.01.10"]
[Round "4.3"]
[White "Smith, Axel"]
[Black "Rasmussen, Casper Dahl"]
[Result "1/2-1/2"]
[WhiteElo "2391"]
[BlackElo "2382"]
[PlyCount "96"]
[EventDate "2008.11.01"]
[EventType "team-tourn"]
[EventRounds "9"]
[EventCountry "DEN"]
[WhiteTeam "K41"]
[BlackTeam "Aarhus/Skolerne"]
[WhiteTeamCountry "DEN"]
[BlackTeamCountry "DEN"]

1. e4 e5 2. Nf3 Nf6 3. Nxe5 d6 4. Nf3 Nxe4 5. d4 d5 6. Bd3 Nc6 7. O-O Be7 8. c4
Nb4 9. cxd5 Nxd3 10. Qxd3 Qxd5 11. Re1 Bf5 12. g4 Bg6 13. Nc3 Nxc3 14. Qxc3 f6
15. Qxc7 O-O 16. Rxe7 Qxf3 17. Rxg7+ Kh8 18. Bh6 Qxg4+ 19. Qg3 Qxd4 20. Rc1
Rac8 21. Rxc8 Rxc8 22. h4 Qd5 23. Kh2 a5 24. Qf4 Bf5 25. Rg3 Rg8 26. Qc7 Bd7
27. Rg7 Rxg7 28. Qd8+ Qg8 29. Bxg7+ Kxg7 30. Qxd7+ Qf7 31. Qxf7+ Kxf7 32. Kg3
f5 33. Kf4 Kf6 34. a4 h6 35. h5 Ke6 36. Ke3 Ke5 37. f4+ Kd5 38. Kd3 Kc5 39. Kc3
Kd5 40. Kd3 Kc5 41. Kc3 b6 42. b3 b5 43. axb5 Kxb5 44. Kc2 Kc6 45. Kd2 Kd6 46.
Kc2 Kd5 47. Kd3 Kc5 48. Kc3 Kd5 1/2-1/2

[Event "XtraCon-Skakligaen"]
[Site "Denmark"]
[Date "2009.01.10"]
[Round "4.4"]
[White "Christensen, Tobias"]
[Black "Greger, Roland Reinhard"]
[Result "1-0"]
[WhiteElo "2347"]
[BlackElo "2385"]
[PlyCount "141"]
[EventDate "2008.11.01"]
[EventType "team-tourn"]
[EventRounds "9"]
[EventCountry "DEN"]
[WhiteTeam "Aarhus/Skolerne"]
[BlackTeam "K41"]
[WhiteTeamCountry "DEN"]
[BlackTeamCountry "DEN"]

1. d4 Nf6 2. Nf3 e6 3. Bf4 b6 4. Nbd2 Bb7 5. c3 Be7 6. Qc2 Nh5 7. e3 Nxf4 8.
exf4 c5 9. dxc5 bxc5 10. Bd3 Qc7 11. f5 e5 12. O-O-O d5 13. Bb5+ Bc6 14. Qa4
O-O 15. c4 Bxb5 16. Qxb5 a6 17. Qb3 e4 18. Ne1 d4 19. Nxe4 Qf4+ 20. Nd2 Qxf5
21. Qf3 Qxf3 22. Ndxf3 Nc6 23. Nd3 a5 24. Rhe1 Bd6 25. Ng5 Rfc8 26. Ne4 Bf8 27.
a4 Nb4 28. Nxb4 axb4 29. b3 Ra6 30. f4 Re6 31. Ng5 Rxe1 32. Rxe1 f6 33. Ne4 Kf7
34. Kd2 Rc6 35. f5 h5 36. h3 g6 37. g4 Bh6+ 38. Kd3 Bf4 39. fxg6+ Kxg6 40. Rf1
Be5 41. Rf5 hxg4 42. hxg4 Rc7 43. Rh5 Rc8 44. Ke2 Kg7 45. Kd2 Rc6 46. Nf2 Bg3
47. Nd3 Bd6 48. Rd5 Kf7 49. Nf2 Be7 50. Ne4 Rc8 51. Ke2 Rh8 52. Rh5 Rc8 53. Rh6
Kg7 54. Rh1 Kf7 55. Rh7+ Ke6 56. Rh6 Ke5 57. Nf2 Kf4 58. Rh3 Bd6 59. Rf3+ Ke5
60. Kd3 Rg8 61. Rh3 Ke6 62. Ke4 Be7 63. Kf4 Bd6+ 64. Kf3 Be7 65. Rh6 Bf8 66.
Rh5 Be7 67. Nd3 Rc8 68. Nf4+ Kd6 69. Rd5+ Kc6 70. Ne6 Rg8 71. Kf4 1-0

[Event "XtraCon-Skakligaen"]
[Site "Denmark"]
[Date "2009.01.10"]
[Round "4.5"]
[White "Hansen, Jacob Ost"]
[Black "Jacobsen, Bo"]
[Result "1/2-1/2"]
[WhiteElo "2403"]
[BlackElo "2315"]
[PlyCount "46"]
[EventDate "2008.11.01"]
[EventType "team-tourn"]
[EventRounds "9"]
[EventCountry "DEN"]
[WhiteTeam "K41"]
[BlackTeam "Aarhus/Skolerne"]
[WhiteTeamCountry "DEN"]
[BlackTeamCountry "DEN"]

1. g3 g6 2. Bg2 Bg7 3. c4 c5 4. Nc3 Nc6 5. d3 e6 6. e4 Nge7 7. Nge2 O-O 8. O-O
a6 9. a3 Rb8 10. Rb1 b5 11. cxb5 axb5 12. b4 cxb4 13. axb4 d5 14. exd5 exd5 15.
Bf4 Rb6 16. Qd2 Bf5 17. Nc1 Qd7 18. Bh6 Bh3 19. Bxg7 Kxg7 20. Bxh3 Qxh3 21. Nb3
d4 22. Ne2 Rd8 23. Rbc1 Qd7 1/2-1/2

[Event "XtraCon-Skakligaen"]
[Site "Denmark"]
[Date "2009.01.10"]
[Round "4.6"]
[White "Pedersen, Finn"]
[Black "Naes, Flovin Tor"]
[Result "1-0"]
[WhiteElo "2312"]
[BlackElo "2259"]
[PlyCount "131"]
[EventDate "2008.11.01"]
[EventType "team-tourn"]
[EventRounds "9"]
[EventCountry "DEN"]
[WhiteTeam "Aarhus/Skolerne"]
[BlackTeam "K41"]
[WhiteTeamCountry "DEN"]
[BlackTeamCountry "DEN"]

1. e4 e5 2. Nf3 Nc6 3. Bc4 Bc5 4. O-O d6 5. d3 Bg4 6. Be3 Nd4 7. Bxd4 Bxd4 8.
c3 Bb6 9. Nbd2 Qd7 10. a4 a5 11. Qb3 Nf6 12. d4 O-O 13. Rfe1 Rae8 14. Bb5 c6
15. Bf1 Ba7 16. dxe5 dxe5 17. h3 Be6 18. Qc2 Qc7 19. Ng5 Nh5 20. Nxe6 fxe6 21.
Nf3 Nf4 22. Kh2 Qf7 23. Ng1 Nh5 24. Nf3 Nf4 25. Ng1 Nh5 26. Nf3 Qg6 27. Rad1
Rf7 28. Kh1 Qf6 29. Rd2 g5 30. Qd1 Nf4 31. Nh2 h5 32. g3 Ng6 33. Qxh5 Bxf2 34.
Rxf2 Qxf2 35. Qxg6+ Kh8 36. Qh5+ Kg8 37. Qxg5+ Rg7 38. Qe3 Qxg3 39. Qxg3 Rxg3
40. Ng4 Rd8 41. Kh2 Rf3 42. Kg2 Rf4 43. Nxe5 Rd2+ 44. Kg3 Rf6 45. Nc4 Rc2 46.
Re2 Rc1 47. Bg2 b5 48. axb5 cxb5 49. Nxa5 e5 50. Nb3 Rd1 51. Rd2 Re1 52. Nc5
Kg7 53. Nd7 Re6 54. Bf3 Re7 55. Kf2 Rc1 56. Bg4 Kg6 57. Ke3 Re1+ 58. Kd3 Kg5
59. Bf5 Rc1 60. Rc2 Rf1 61. Rg2+ Kf4 62. Kc2 Ke3 63. Rd2 Kf4 64. Kb3 Ke3 65.
Rd5 Rf2 66. Rxe5 1-0

[Event "XtraCon-Skakligaen"]
[Site "Denmark"]
[Date "2009.01.10"]
[Round "4.7"]
[White "Clausen, Steen"]
[Black "Hagen, Andreas Skytte"]
[Result "1-0"]
[WhiteElo "2224"]
[BlackElo "2282"]
[PlyCount "140"]
[EventDate "2008.11.01"]
[EventType "team-tourn"]
[EventRounds "9"]
[EventCountry "DEN"]
[WhiteTeam "K41"]
[BlackTeam "Aarhus/Skolerne"]
[WhiteTeamCountry "DEN"]
[BlackTeamCountry "DEN"]

1. d4 Nf6 2. c4 e6 3. Nf3 b6 4. Nc3 Bb4 5. Qb3 c5 6. a3 Ba5 7. Bd2 Nc6 8. e3
O-O 9. d5 Ne7 10. Bd3 exd5 11. Nxd5 Bxd2+ 12. Nxd2 Nexd5 13. cxd5 d6 14. O-O
Ng4 15. h3 Ne5 16. f4 Nxd3 17. Qxd3 f5 18. b4 Re8 19. Rab1 Qe7 20. Rfe1 Qf7 21.
Nc4 Qc7 22. b5 Bd7 23. a4 Re4 24. Ra1 Rae8 25. Reb1 Bc8 26. Qb3 Bb7 27. Rd1 a5
28. Rd3 h6 29. Kh2 Bc8 30. Rg1 Qd8 31. Rd2 R8e7 32. g3 Kh7 33. Rgg2 Kh8 34.
Rge2 Rf7 35. Rd1 Bb7 36. Rdd2 Kh7 37. Rd1 Rf8 38. Rdd2 Bc8 39. Rd1 Qc7 40. Rg1
Rfe8 41. Qd3 Kg8 42. Qc3 R8e7 43. Qd3 Qd8 44. Qc3 Rf7 45. Qd3 Kf8 46. Qc3 Ke8
47. Qc2 Bb7 48. Qd3 Bc8 49. Qc2 Kd7 50. Nd2 Re8 51. e4 fxe4 52. Rxe4 Rxe4 53.
Nxe4 Re7 54. Re1 Qf8 55. Qd2 Kc7 56. g4 Qf7 57. Kg3 Bb7 58. Nc3 Kd7 59. Rxe7+
Qxe7 60. Kf3 Qh4 61. Kg2 Qf6 62. Ne2 Qf7 63. Nc3 Qf6 64. Ne2 h5 65. Kg3 Kc7 66.
Qd3 Bc8 67. Qe4 Bd7 68. f5 hxg4 69. hxg4 Qa1 70. Kf4 Qf1+ 1-0

[Event "XtraCon-Skakligaen"]
[Site "Denmark"]
[Date "2009.01.10"]
[Round "4.8"]
[White "Rewitz, Poul"]
[Black "Laursen, Niels Norskov"]
[Result "0-1"]
[WhiteElo "2263"]
[BlackElo "2188"]
[PlyCount "80"]
[EventDate "2008.11.01"]
[EventType "team-tourn"]
[EventRounds "9"]
[EventCountry "DEN"]
[WhiteTeam "Aarhus/Skolerne"]
[BlackTeam "K41"]
[WhiteTeamCountry "DEN"]
[BlackTeamCountry "DEN"]

1. e4 c5 2. b4 b6 3. bxc5 bxc5 4. g3 Nc6 5. Bg2 Rb8 6. Ne2 g6 7. O-O Bg7 8. c3
Ba6 9. Re1 Bd3 10. Na3 e5 11. f4 f6 12. Nc2 Nge7 13. fxe5 fxe5 14. Rf1 Ng8 15.
Ne1 Ba6 16. d3 Nf6 17. Bg5 O-O 18. Qd2 Qb6 19. c4 Qb2 20. Nc2 Nd4 21. Nexd4
cxd4 22. Bh3 Rf7 23. a3 Rb6 24. Nb4 Qxd2 25. Bxd2 Bb7 26. a4 Bc8 27. c5 Rb8 28.
c6 Bf8 29. cxd7 Bxd7 30. Bxd7 Nxd7 31. Rxf7 Kxf7 32. Nc6 Rb3 33. Nxa7 Rxd3 34.
Bc1 Rd1+ 35. Kf2 d3 36. Bb2 Bc5+ 37. Kf3 Rxa1 38. Bxa1 Bxa7 39. a5 Ke6 40. a6
Nc5 0-1

[Event "XtraCon-Skakligaen"]
[Site "Denmark"]
[Date "2009.01.10"]
[Round "4.1"]
[White "Hillarp Persson, Tiger"]
[Black "Hansen, Sune Berg"]
[Result "1-0"]
[WhiteElo "2543"]
[BlackElo "2544"]
[PlyCount "103"]
[EventDate "2008.11.01"]
[EventType "team-tourn"]
[EventRounds "9"]
[EventCountry "DEN"]
[WhiteTeam "Bronshoj"]
[BlackTeam "Helsingor"]
[WhiteTeamCountry "DEN"]
[BlackTeamCountry "DEN"]

1. d4 d5 2. c4 c6 3. Nf3 Nf6 4. e3 Bg4 5. Qb3 Qb6 6. Nc3 e6 7. Nh4 Bh5 8. h3
Be7 9. g4 Bg6 10. Nxg6 hxg6 11. Bg2 g5 12. Bd2 Nbd7 13. Rc1 a5 14. O-O O-O 15.
Rfd1 Rfe8 16. Qxb6 Nxb6 17. b3 dxc4 18. Na4 Nxa4 19. bxa4 Bb4 20. Rxc4 Bxd2 21.
Rxd2 Nd5 22. Rb2 Re7 23. Kh2 Ra6 24. Rc1 f6 25. Rb3 Rd7 26. Kg3 Kf8 27. h4
gxh4+ 28. Kxh4 Ke7 29. Rcb1 Ra7 30. Bxd5 exd5 31. f4 g6 32. Kg3 Kd6 33. Rh1 Ra8
34. Rh6 Rg8 35. f5 gxf5 36. Rxf6+ Kc7 37. Rxf5 Rdg7 38. Rf4 Rh8 39. Rb1 Re7 40.
Re1 Rhe8 41. Kf3 Rh7 42. Kg3 Kd6 43. g5 Rg8 44. Rf5 Rh5 45. Kg4 Rh2 46. Rg1
Rxa2 47. Rf7 c5 48. Rgf1 cxd4 49. exd4 Rg2+ 50. Kh3 Re2 51. R1f6+ Re6 52. Kg4
1-0

[Event "XtraCon-Skakligaen"]
[Site "Denmark"]
[Date "2009.01.10"]
[Round "4.2"]
[White "Mortensen, Erling"]
[Black "Bromann, Thorbjorn"]
[Result "1-0"]
[WhiteElo "2455"]
[BlackElo "2421"]
[PlyCount "99"]
[EventDate "2008.11.01"]
[EventType "team-tourn"]
[EventRounds "9"]
[EventCountry "DEN"]
[WhiteTeam "Helsingor"]
[BlackTeam "Bronshoj"]
[WhiteTeamCountry "DEN"]
[BlackTeamCountry "DEN"]

1. e4 e6 2. d3 d5 3. Qe2 dxe4 4. dxe4 e5 5. Nf3 Nc6 6. c3 Nf6 7. Qc2 Bg4 8.
Nbd2 Qd7 9. Be2 a5 10. Nc4 Bxf3 11. Bxf3 Bc5 12. O-O h6 13. Rd1 Qe6 14. Ne3 Ne7
15. Qb3 Qxb3 16. axb3 O-O 17. Nc4 Nc6 18. h4 b6 19. g4 Rfd8 20. Re1 Nh7 21. Ne3
Ne7 22. Nf5 Ng6 23. Kg2 Nhf8 24. h5 Nf4+ 25. Bxf4 exf4 26. e5 Rab8 27. b4 axb4
28. cxb4 Bxb4 29. Re4 Bc5 30. b4 g6 31. bxc5 gxf5 32. gxf5 bxc5 33. e6 Nh7 34.
e7 Re8 35. Ree1 Rb6 36. Ra8 Nf6 37. Rxe8+ Nxe8 38. Ra1 Rb8 39. Rd1 Nd6 40. f6
c4 41. Bc6 c3 42. Rc1 Rb3 43. e8=Q+ Nxe8 44. Bxe8 Rb6 45. Rxc3 Rxf6 46. Rxc7
Rf5 47. Kf3 Kf8 48. Ke4 Rxh5 49. Bxf7 Rg5 50. Bc4 1-0

[Event "XtraCon-Skakligaen"]
[Site "Denmark"]
[Date "2009.01.10"]
[Round "4.3"]
[White "Hoi, Carsten"]
[Black "Nielsen, Nicholas Roland"]
[Result "1-0"]
[WhiteElo "2371"]
[BlackElo "2146"]
[PlyCount "71"]
[EventDate "2008.11.01"]
[EventType "team-tourn"]
[EventRounds "9"]
[EventCountry "DEN"]
[WhiteTeam "Bronshoj"]
[BlackTeam "Helsingor"]
[WhiteTeamCountry "DEN"]
[BlackTeamCountry "DEN"]

1. d4 e6 2. Nf3 f5 3. Bg5 Nf6 4. Nbd2 d5 5. e3 Bd6 6. Ne5 Nbd7 7. f4 c6 8. Bd3
O-O 9. g4 h6 10. Bh4 Qe8 11. gxf5 exf5 12. Qe2 Ne4 13. O-O-O Ndf6 14. Rhg1 Kh7
15. Qg2 Rg8 16. Ndf3 Be6 17. Kb1 Nd7 18. Qe2 Bf7 19. Nxf7 Qxf7 20. c4 Nf8 21.
cxd5 cxd5 22. Rc1 Ne6 23. Bc2 Nc7 24. Ne5 Bxe5 25. dxe5 a5 26. Qg2 a4 27. a3 b5
28. Be1 Na6 29. Bxe4 dxe4 30. Rc6 Rad8 31. Bc3 Nc7 32. e6 Nxe6 33. Rxe6 g5 34.
Rf6 Qb3 35. Qf1 gxf4 36. Kc1 1-0